Kanye References to Other Media - Statistics

General Stats
  • This quiz has been taken 104 times
  • The average score is 4 of 12
Answer Stats
Song Lyric Media Referenced % Correct
Gone "But if they ever flip sides like Anakin" Star Wars
92%
Good Morning "Scared of the future while I hop in the DeLorean" Back to the Future
70%
Gotta Have It "Imma need a day off, I think I'll call Ferris up" Ferris Bueller's Day Off
48%
Heartless "How could you be so Dr. Evil?" Austin Powers
42%
Through the Wire "Look back on my life like the Ghost of Christmas Past" A Christmas Carol
36%
Diamonds from Sierra Leone "Forever ever? Forever ever? Ever ever? Ever ever? Ever ever? Ever ever? Ever ever?" Ms. Jackson
35%
Through the Wire "Tryin' to be a millionaire, how I used two lifelines" Who Wants to Be a Millionaire
35%
Dark Fantasy "Too many Urkels on your team, that's why your wins low" Family Matters
28%
Good Life "Imma get on this TV mama, Imma, Imma put shit down" School Spirit
11%
Jesus Walks "Saying, 'We eat pieces of shit like you for breakfast'" Happy Gilmore
10%
Monster "Whatever I wanna do, gosh, it's cool now" Napoleon Dynamite
10%
Bound 2 "I mean damn, what would Jeromey Romey Romey Rome think?" Martin
8%
No matching quizzes found
Score Distribution
Percent of People with Each Score
Percentile by Number Answered
Your Score History
You have not taken this quiz